000 00427nam a2200157Ia 4500
008 210210b1990 xxu||||| |||| 00| 0 eng d
020 _a81 7096 412 1
082 _a338.9 LEKE
100 _aLEKHI (R K).
245 _aEconomics of development and planning.
260 _aND
_bKalyani Publishers
_c1990
300 _axxi,283
650 _aEconomic development and planning
690 _aEconomic Development
906 _a046295
999 _c95569
_d95569